Solar energy storage / (Record no. 22153)
[ view plain ]
| 000 -LEADER | |
|---|---|
| fixed length control field | 03167pam a22003371i 4500 |
| 001 - CONTROL NUMBER | |
| control field | 017398637 |
| 003 - CONTROL NUMBER IDENTIFIER | |
| control field | Uk |
| 005 - DATE AND TIME OF LATEST TRANSACTION | |
| control field | 20160810133007.0 |
| 006 - FIXED-LENGTH DATA ELEMENTS--ADDITIONAL MATERIAL CHARACTERISTICS--GENERAL INFORMATION | |
| fixed length control field | m || d | |
| 007 - PHYSICAL DESCRIPTION FIXED FIELD--GENERAL INFORMATION | |
| fixed length control field | cr ||||||||||| |
| 008 - FIXED-LENGTH DATA ELEMENTS--GENERAL INFORMATION | |
| fixed length control field | 150609s2015 enka frb 001|0|eng|d |
| 015 ## - NATIONAL BIBLIOGRAPHY NUMBER | |
| National bibliography number | GBB578245 |
| Source | bnb |
| 020 ## - INTERNATIONAL STANDARD BOOK NUMBER | |
| International Standard Book Number | 0124095402 |
| 020 ## - INTERNATIONAL STANDARD BOOK NUMBER | |
| Cancelled/invalid ISBN | 9780124095403 |
| 040 ## - CATALOGING SOURCE | |
| Original cataloging agency | StDuBDS |
| Language of cataloging | eng |
| Transcribing agency | StDuBDS |
| Modifying agency | EG-ScBUE |
| Description conventions | pn |
| 082 04 - DEWEY DECIMAL CLASSIFICATION NUMBER | |
| Edition number | 22 |
| Classification number | 621.47 |
| Item number | SOL |
| 245 00 - TITLE STATEMENT | |
| Title | Solar energy storage / |
| Statement of responsibility, etc | edited by Bent Sorensen. |
| 260 ## - PUBLICATION, DISTRIBUTION, ETC. (IMPRINT) | |
| Place of publication, distribution, etc | London : |
| Name of publisher, distributor, etc | Academic Press / Elsevier, |
| Date of publication, distribution, etc | c.2015. |
| 300 ## - PHYSICAL DESCRIPTION | |
| Extent | xv, 383 p. : |
| Other physical details | ill. ; |
| Dimensions | 24 cm. |
| 500 ## - GENERAL NOTE | |
| General note | Index : p. 375-383. |
| 504 ## - BIBLIOGRAPHY, ETC. NOTE | |
| Bibliography, etc | Includes bibliographical references. |
| 505 0# - FORMATTED CONTENTS NOTE | |
| Formatted contents note | . Introduction and overview / Bent Sørensen. Part 1 Solar energy storage options: 2.Solar electrical energy storage / Yulong Ding, Yongliang Li, Chuanping Liu and Ze Sun -- Innovative systems for storage of thermal solar energy in buildings / Lingai Luo and Nolwenn Le Pierrès -- 4.Assessment of electricity storage systems / F. Rahman, M.A. Baseer and S. Rehman -- 5.Storage of solar thermal energy in dependency of geographical and climatic boundary conditions/ Roman Marx --<br/>6.Sorption heat storage / H.A. Zondag -- 7.Energetic complementarity with hydropower and the possibility of storage in batteries and water reservoirs / Alexandre Beluco, Paulo Kroeff de Souza, Flávio Pohlmann Livi and Johann Caux --<br/>8.Revitalization of hydro energy, a new approach for storing solar energy / Z. Glasnovic and K. Margeta -- Part 2 Economic assessment of solar storage: 9.Photovoltaics and storage plants, efficient capacities in a system view / B. Böcker, B. Steffen and C. Weber -- 10.Economics of solar PV systems with storage, in main grid and mini-grid settings / Iain MacGill and Muriel Watt -- Part 3 Environmental and social impacts: 11.Environmental issues associated with solar electric and thermal systems with storage / Bent Sørensen -- 12.<br/>Consumer perceptions and acceptance of PV systems with energy storage / Naoya Abe, Junichiro Ishio, Teppei Katatani and Toshihiro Mukai -- Part 4 Case studies: 13.Photovoltaic-energy storage systems for remote small islands / J.K. Kaldellis -- 14.Solar thermal energy storage for solar cookers / Ashmore Mawire -- 15.Isolated and mini-grid solar PV systems, an alternative solution for providing electricity access in remote areas (case study from Nepal) / B. Mainali and R. Dhital. |
| 520 ## - SUMMARY, ETC. | |
| Summary, etc | Focuses on energy stores suitable for integration into solar energy systems for delivering electric or thermal power to the end-users and emphasizes the latest technological developments driving this discipline forward. The book incorporates contributions from an internationally-recognized group of top authors, from both industry and academia, to provide information on issues ranging from underlying scientific fundamentals to practical applications. |
| 650 #7 - SUBJECT ADDED ENTRY--TOPICAL TERM | |
| Topical term or geographic name as entry element | Solar energy. |
| Source of heading or term | BUEsh |
| 9 (RLIN) | 5597 |
| 650 #7 - SUBJECT ADDED ENTRY--TOPICAL TERM | |
| Topical term or geographic name as entry element | Energy storage. |
| Source of heading or term | BUEsh |
| 9 (RLIN) | 35948 |
| 651 ## - SUBJECT ADDED ENTRY--GEOGRAPHIC NAME | |
| Source of heading or term | BUEsh |
| 653 ## - INDEX TERM--UNCONTROLLED | |
| Resource For college | Engineering, General |
| Arrived date list | August 2016 |
| 700 1# - ADDED ENTRY--PERSONAL NAME | |
| 9 (RLIN) | 22509 |
| Personal name | Sorensen, Bent |
| Relator term | editor. |
| 776 08 - ADDITIONAL PHYSICAL FORM ENTRY | |
| Display text | Print version |
| International Standard Book Number | 9780124095403 |
| 942 ## - ADDED ENTRY ELEMENTS (KOHA) | |
| Source of classification or shelving scheme | Dewey Decimal Classification |
| Edition | 22 |
| Call number prefix | 621.47 SOL |
| Withdrawn status | Item status | Source of classification or shelving scheme | Damaged status | Not for loan | Vendor | Home library | Current library | Shelving location | Date acquired | Source of acquisition | Cost, normal purchase price | Serial Enumeration / chronology | Total Checkouts | Total Renewals | Full call number | Barcode | Date last seen | Date last borrowed | Cost, replacement price | Koha item type |
|---|---|---|---|---|---|---|---|---|---|---|---|---|---|---|---|---|---|---|---|---|
| Dewey Decimal Classification | Baccah | Central Library | Central Library | First floor | 10/08/2016 | Purchase | 1150.00 | 25843 | 2 | 5 | 621.47 SOL | 000033219 | 15/07/2025 | 04/06/2024 | 1437.50 | Book - Borrowing |